000 00318nam a2200145Ia 4500
100 _aWakerly/John F
250 _a3
942 _cBK
654 _adigital
245 _aDigital design:Principles and practices
260 _bPearson Education
_c2001
082 _a621.3815
_bWAK
300 _a972
546 _aENGLISH
999 _c26947
_d26947